Cẩm nang nghiệp vụ y tế học đường và các quy định của cơ quan quản lý nhà nước dành cho lãnh đạo trường học

Phần I: Một số bệnh phổ biến; Phần 2: Chế độ dinh dưỡng; Phần 3: Vấn đề nghỉ ngơi và tham gia du lịch, giải trí; Phần 4: An toàn thực phẩm; Phần 5, 6, 7: Các văn bản pháp luật

Spremljeno u:
Bibliografski detalji
Glavni autor: Ái Vân
Daljnji autori: Quý Long
Format: Knjiga
Jezik:Undetermined
Izdano: H. Lao động - Xã hội 2008
Teme:
Online pristup:http://lrc.tdmu.edu.vn/opac/search/detail.asp?aID=2&ID=31408
Oznake: Dodaj oznaku
Bez oznaka, Budi prvi tko označuje ovaj zapis!
Thư viện lưu trữ: Trung tâm Học liệu Trường Đại học Thủ Dầu Một
LEADER 01127nam a2200217Ia 4500
001 TDMU_31408
008 210410s9999 xx 000 0 und d
082 |a 320.01109597 
090 |b C120 
100 |a Ái Vân 
245 0 |a Cẩm nang nghiệp vụ y tế học đường và các quy định của cơ quan quản lý nhà nước dành cho lãnh đạo trường học 
245 0 |c Ái Vân, Quý Long sưu tầm 
260 |a H. 
260 |b Lao động - Xã hội 
260 |c 2008 
300 |a 666tr. 
520 |a Phần I: Một số bệnh phổ biến; Phần 2: Chế độ dinh dưỡng; Phần 3: Vấn đề nghỉ ngơi và tham gia du lịch, giải trí; Phần 4: An toàn thực phẩm; Phần 5, 6, 7: Các văn bản pháp luật 
650 |a Y tế học đường; Y tế học đường  |x Luật và pháp chế  |z Việt Nam 
700 |a Quý Long 
856 |u http://lrc.tdmu.edu.vn/opac/search/detail.asp?aID=2&ID=31408 
980 |a Trung tâm Học liệu Trường Đại học Thủ Dầu Một